[Event "448. Wednesday (05.08.2020)"]
[Site "Official B"]
[Date "2020.08.05"]
[Round "6"]
[White "Károly Lajosné"]
[Black "Smart-arse"]
[Result "0-1"]
[WhiteElo "1977"]
[BlackElo "1840"]
[PlyCount "110"]
[EventDate "2020.08.05"]
[EventType "swiss (blitz)"]

1. d4 {[%emt 0:00:01]} d5 {[%emt 0:00:02]} 2. Nf3 {[%emt 0:00:01]} Nf6 {[%emt 0:00:02]} 3. Bf4 {[%emt 0:00:01]} c5 {[%emt 0:00:09]} 4. e3 {[%emt 0:00:01]} e6 {[%emt 0:00:07]} 5. c3 {[%emt 0:00:01]} Bd6 {[%emt 0:00:02]} 6. dxc5 {[%emt 0:00:02]} Bxc5 {[%emt 0:00:02]} 7. Bd3 {[%emt 0:00:02]} Nc6 {[%emt 0:00:03]} 8. Nbd2 {[%emt 0:00:02]} Bd6 {[%emt 0:00:03]} 9. Bxd6 {[%emt 0:00:01]} Qxd6 {[%emt 0:00:01]} 10. e4 {[%emt 0:00:00]} O-O {[%emt 0:01:10]} 11. O-O {[%emt 0:00:02]} e5 {[%emt 0:00:03]} 12. Re1 {[%emt 0:00:05]} Bg4 {[%emt 0:00:25]} 13. h3 {[%emt 0:00:10]} Bh5 {[%emt 0:00:06]} 14. g4 {[%emt 0:00:14]} Bg6 {[%emt 0:00:02]} 15. Qc2 {[%emt 0:00:02]} dxe4 {[%emt 0:00:10]} 16. Nxe4 {[%emt 0:00:07]} Nxe4 {[%emt 0:00:01]} 17. Bxe4 {[%emt 0:00:01]} Rad8 {[%emt 0:00:31]} 18. Bxg6 {[%emt 0:00:43]} hxg6 {[%emt 0:00:20]} 19. Rad1 {[%emt 0:00:05]} Qf6 {[%emt 0:00:03]} 20. Qe4 {[%emt 0:00:18]} Rfe8 {[%emt 0:00:33]} 21. Rxd8 {[%emt 0:00:08]} Qxd8 {[%emt 0:00:03]} 22. Kg2 {[%emt 0:00:18]} Qd6 {[%emt 0:00:02]} 23. Qc2 {[%emt 0:00:13]} Qc5 {[%emt 0:00:03]} 24. Qa4 {[%emt 0:00:48]} b5 {[%emt 0:00:02]} 25. Qe4 {[%emt 0:00:06]} a5 {[%emt 0:00:03]} 26. Qe3 {[%emt 0:00:03]} Qxe3 {[%emt 0:00:03]} 27. Rxe3 {[%emt 0:00:02]} f6 {[%emt 0:00:02]} 28. h4 {[%emt 0:00:04]} Rd8 {[%emt 0:00:01]} 29. g5 {[%emt 0:00:04]} Rd1 {[%emt 0:00:02]} 30. a3 {[%emt 0:00:08]} Ne7 {[%emt 0:00:05]} 31. Re2 {[%emt 0:00:06]} Nf5 {[%emt 0:00:02]} 32. Re4 {[%emt 0:00:28]} Kf7 {[%emt 0:00:02]} 33. c4 {[%emt 0:00:03]} Nd6 {[%emt 0:00:04]} 34. Re2 {[%emt 0:00:01]} bxc4 {[%emt 0:00:03]} 35. Rc2 {[%emt 0:00:02]} Ke6 {[%emt 0:00:02]} 36. Rd2 {[%emt 0:00:03]} Rxd2 {[%emt 0:00:03]} 37. Nxd2 {[%emt 0:00:01]} Kd5 {[%emt 0:00:01]} 38. Kg3 {[%emt 0:00:01]} Ne4+ {[%emt 0:00:01]} 39. Nxe4 {[%emt 0:00:03]} Kxe4 {[%emt 0:00:00]} 40. f3+ {[%emt 0:00:01]} Ke3 {[%emt 0:00:01]} 41. Kg2 {[%emt 0:00:02]} f5 {[%emt 0:00:01]} 42. Kg3 {[%emt 0:00:02]} a4 {[%emt 0:00:01]} 43. Kg2 {[%emt 0:00:01]} Kd3 {[%emt 0:00:01]} 44. Kf2 {[%emt 0:00:02]} Kc2 {[%emt 0:00:01]} 45. Ke2 {[%emt 0:00:01]} Kxb2 {[%emt 0:00:00]} 46. f4 {[%emt 0:00:01]} e4 {[%emt 0:00:01]} 47. h5 {[%emt 0:00:01]} gxh5 {[%emt 0:00:00]} 48. Ke3 {[%emt 0:00:01]} c3 {[%emt 0:00:00]} 49. Kd4 {[%emt 0:00:00]} c2 {[%emt 0:00:00]} 50. Ke5 {[%emt 0:00:00]} c1=Q {[%emt 0:00:00]} 51. Kxf5 {[%emt 0:00:00]} e3 {[%emt 0:00:00]} 52. Kg6 {[%emt 0:00:00]} e2 {[%emt 0:00:00]} 53. Kxg7 {[%emt 0:00:00]} e1=Q {[%emt 0:00:00]} 54. f5 {[%emt 0:00:00]} Qxg5+ {[%emt 0:00:01]} 55. Kf7 {[%emt 0:00:01]} Qee7# {[%emt 0:00:00] (Lag: Av=0.94s, max=1.4s)} 0-1

[Event "448. Wednesday (05.08.2020)"]
[Site "Official B"]
[Date "2020.08.05"]
[Round "6"]
[White "K_J"]
[Black "Martin Reiß"]
[Result "1-0"]
[WhiteElo "1960"]
[BlackElo "1813"]
[Annotator "TA"]
[PlyCount "67"]
[EventDate "2020.08.05"]
[EventType "swiss (blitz)"]

{[%evp 17,67,-7,107,109,94,16,70,61,57,35,53,48,87,8,132,130,126,132,152,151,164,179,179,177,302,290,554,597,571,562,945,925,1182,1101,1618,1202,2185,1836,1832,1803,2348,2250,2741,2620,4020,3411,3847,3944,29970,29968,29973,29976]} 1. e4 c6 2. d4 d5 3. exd5 cxd5 4. c4 Nf6 5. Nc3 Nc6 6. Nf3 Bg4 7. cxd5 Nxd5 8. Qb3 Bxf3 9. gxf3 Nxc3 (9... e6 $11) 10. bxc3 $16 {Black must now prevent Bc4. B13: Caro-Kann: Exchange Variation and Panov-Botvinnik Attack.} Qb6 11. Be3 {[#]} (11. d5 $16 {Threatens to win with Qxb6.} Ne5 12. Be3 Qxb3 13. axb3) 11... Qxb3 $146 (11... e6 $11) ({Predecessor:} 11... e6 12. Rb1 Qxb3 13. axb3 Bd6 14. Bd3 Rc8 15. Ke2 Ne7 16. c4 Ng6 17. Be4 b6 {1-0 (62) Gil Hector,L (2237)-Perez Rodriguez,J (1965) Santa Clara 2003}) 12. axb3 $14 {White is slightly better.} e6 13. Bb5 Be7 14. O-O O-O 15. Ra4 (15. Bxc6 $16 bxc6 16. Ra6) 15... a6 {White now steadily converts the win.} (15... Rfc8 $11 {remains equal.}) 16. Bxc6 $1 $16 bxc6 17. Rfa1 Rfb8 18. b4 {[%cal Bb3b4,Bb4b5,Bb5b6,Bb6b7][%mdl 32]} g6 19. Rxa6 Rxa6 20. Rxa6 $18 {[%mdl 4096] Endgame KRB-KRB} Rb7 (20... Rc8 {is a better defense.} 21. Bh6 Bf8) 21. Rxc6 Ra7 $2 {[#]} (21... Kf8 {keeps fighting.} 22. Kf1 Ke8) 22. b5 Rb7 23. b6 Bf6 24. c4 {[%cal Bc3c4,Bc4c5,Bc5c6][%mdl 32]} Kg7 25. c5 h5 26. Kg2 g5 27. Rc7 Rb8 28. b7 e5 29. d5 e4 30. c6 exf3+ 31. Kxf3 g4+ 32. Kg2 Be5 33. Rc8 Kf6 34. Ba7 {Accuracy: White = 77%, Black = 22%.} 1-0

[Event "448. Wednesday (05.08.2020)"]
[Site "Official B"]
[Date "2020.08.05"]
[Round "6"]
[White "Chesstiger9"]
[Black "Sheded A"]
[Result "1-0"]
[WhiteElo "1947"]
[BlackElo "2050"]
[PlyCount "73"]
[EventDate "2020.08.05"]
[EventType "swiss (blitz)"]

{Volkov, Yuri} 1. d4 {[%emt 0:00:07]} Nf6 {[%emt 0:00:02]} 2. Nf3 {[%emt 0:00:01]} e6 {[%emt 0:00:02]} 3. e3 {[%emt 0:00:02]} b6 {[%emt 0:00:02]} 4. Bd3 {[%emt 0:00:01]} Bb7 {[%emt 0:00:01]} 5. Nbd2 {[%emt 0:00:01]} Be7 {[%emt 0:00:04]} 6. e4 {[%emt 0:00:01]} d5 {[%emt 0:00:01]} 7. Qe2 {[%emt 0:00:03]} dxe4 {[%emt 0:00:09]} 8. Nxe4 {[%emt 0:00:01]} Nbd7 {[%emt 0:00:01]} 9. O-O {[%emt 0:00:10]} O-O {[%emt 0:00:21]} 10. Ng3 {[%emt 0:00:07]} c5 {[%emt 0:00:07]} 11. c3 {[%emt 0:00:02]} cxd4 {[%emt 0:00:06]} 12. cxd4 {[%emt 0:00:00]} Nd5 {[%emt 0:00:02]} 13. a3 {[%emt 0:00:01]} Rc8 {[%emt 0:00:13]} 14. Re1 {[%emt 0:00:01]} Bd6 {[%emt 0:00:25]} 15. Qe4 {[%emt 0:00:05]} N7f6 {[%emt 0:00:04]} 16. Qh4 {[%emt 0:00:01]} Ne7 {[%emt 0:00:31]} 17. Bg5 {[%emt 0:00:06]} Ng6 {[%emt 0:00:02]} 18. Bxg6 {[%emt 0:00:02]} hxg6 {[%emt 0:00:04]} 19. Bxf6 {[%emt 0:00:01]} Qxf6 {[%emt 0:00:01]} 20. Ng5 {[%emt 0:00:01]} Rfd8 {[%emt 0:00:02]} 21. Qh7+ {[%emt 0:00:31]} Kf8 {[%emt 0:00:02]} 22. N5e4 {[%emt 0:00:39]} Bxe4 {[%emt 0:00:38]} 23. Nxe4 {[%emt 0:00:01]} Qf4 {[%emt 0:00:01]} 24. Nxd6 {[%emt 0:00:03]} Qxd6 {[%emt 0:00:02]} 25. Qh8+ {[%emt 0:00:08]} Ke7 {[%emt 0:00:01]} 26. Qxg7 {[%emt 0:00:01]} Qxd4 {[%emt 0:00:02] Chesstiger9 offers a draw} 27. Qxd4 {[%emt 0:00:13]} Rxd4 {[%emt 0:00:02]} 28. Re2 {[%emt 0:00:02]} Rdc4 {[%emt 0:00:04]} 29. g3 {[%emt 0:00:03]} Rc2 {[%emt 0:00:03]} 30. Rae1 {[%emt 0:00:02]} a5 {[%emt 0:00:13]} 31. h4 {[%emt 0:00:03]} R8c5 {[%emt 0:00:04]} 32. Kg2 {[%emt 0:00:02]} a4 {[%emt 0:00:02]} 33. Rxc2 {[%emt 0:00:19]} Rxc2 {[%emt 0:00:02]} 34. Re4 {[%emt 0:00:01]} Rxb2 {[%emt 0:00:05]} 35. Rxa4 {[%emt 0:00:01]} Kd6 {[%emt 0:00:04]} 36. Rb4 {[%emt 0:00:07]} Rb3 {[%emt 0:00:02]} 37. Rxb3 {[%emt 0:00:01] Sheded A resigns (Lag: Av=0.80s, max=1.7s)} 1-0

[Event "448. Wednesday (05.08.2020)"]
[Site "Official B"]
[Date "2020.08.05"]
[Round "6"]
[White "Action26"]
[Black "Dukic"]
[Result "0-1"]
[WhiteElo "1896"]
[BlackElo "1825"]
[Annotator "NA"]
[PlyCount "62"]
[EventDate "2020.08.05"]
[EventType "swiss (blitz)"]

1. d4 {[%emt 0:00:02]} c6 {[%emt 0:00:01]} 2. c4 {[%emt 0:00:01]} d6 {[%emt 0:00:00]} 3. Nf3 {[%emt 0:00:00]} Nd7 {[%emt 0:00:00]} 4. Nc3 {[%emt 0:00:02]} e5 {[%emt 0:00:02]} 5. e3 {[%emt 0:00:02]} Be7 {[%emt 0:00:01]} 6. Be2 {[%emt 0:00:01]} f5 {[%emt 0:00:02]} 7. O-O {[%emt 0:00:02]} Ngf6 {[%emt 0:00:01]} 8. b3 {[%emt 0:00:02]} e4 {[%emt 0:00:02]} 9. Nd2 {[%emt 0:00:02]} d5 {[%emt 0:00:04]} 10. f3 {[%emt 0:00:02]} O-O {[%emt 0:00:02]} 11. Bb2 {[%emt 0:00:02]} a6 {[%emt 0:00:04]} 12. fxe4 {[%emt 0:00:02]} fxe4 {[%emt 0:00:02]} 13. Rc1 {[%emt 0:00:04]} b5 {[%emt 0:00:03]} 14. a3 {[%emt 0:00:11]} Bd6 {[%emt 0:00:06]} 15. Qc2 {[%emt 0:00:03]} Qe7 {[%emt 0:00:04]} 16. cxd5 {[%emt 0:00:23]} cxd5 {[%emt 0:00:03]} 17. b4 {[%emt 0:00:06]} Nb6 {[%emt 0:00:12]} 18. Qb3 {[%emt 0:00:06]} Be6 {[%emt 0:00:05]} 19. a4 {[%emt 0:00:07]} Nc4 {[%emt 0:00:15]} 20. Nxc4 {[%emt 0:00:13]} bxc4 {[%emt 0:00:01]} 21. Qc2 {[%emt 0:00:02]} Bxb4 {[%emt 0:00:02]} 22. Na2 {[%emt 0:00:01]} Bd6 {[%emt 0:00:02]} 23. Rb1 {[%emt 0:00:14]} Nd7 {[%emt 0:00:25]} 24. Bc3 {[%emt 0:00:13]} Qh4 {[%emt 0:00:13]} 25. g3 {[%emt 0:00:12]} Qg5 {[%emt 0:00:03]} 26. Bd2 {[%emt 0:00:07]} h5 {[%emt 0:00:08]} 27. Rf2 {[%emt 0:00:04]} h4 {[%emt 0:00:01]} 28. Rg2 {[%emt 0:00:07]} Bh3 {[%emt 0:00:03]} 29. Rf2 {[%emt 0:00:09]} hxg3 {[%emt 0:00:02]} 30. Rg2 {[%emt 0:00:52]} gxh2+ {[%emt 0:00:05]} 31. Kh1 {[%emt 0:00:02]} Qxg2# {[%emt 0:00:01] (Lag: Av=0.66s, max=2.3s)} 0-1

[Event "448. Wednesday (05.08.2020)"]
[Site "Official B"]
[Date "2020.08.05"]
[Round "6"]
[White "AgentsofShield"]
[Black "Jhhonnyy"]
[Result "0-1"]
[WhiteElo "1885"]
[BlackElo "2149"]
[Annotator "RC"]
[PlyCount "66"]
[EventDate "2020.08.05"]
[EventType "swiss (blitz)"]

1. e4 {[%emt 0:00:02]} e5 {[%emt 0:00:01]} 2. Nf3 {[%emt 0:00:01]} Nc6 {[%emt 0:00:00]} 3. Bb5 {[%emt 0:00:01]} a6 {[%emt 0:00:01]} 4. Ba4 {[%emt 0:00:01]} Nf6 {[%emt 0:00:01]} 5. O-O {[%emt 0:00:01]} b5 {[%emt 0:00:00]} 6. Bb3 {[%emt 0:00:02]} Bc5 {[%emt 0:00:00]} 7. c3 {[%emt 0:00:05]} d6 {[%emt 0:00:01]} 8. d4 {[%emt 0:00:16]} Bb6 {[%emt 0:00:01]} 9. Bg5 {[%emt 0:00:11]} h6 {[%emt 0:00:02]} 10. Bh4 {[%emt 0:00:01]} g5 {[%emt 0:00:01]} 11. dxe5 {[%emt 0:00:02]} gxh4 {[%emt 0:00:12]} 12. exf6 {[%emt 0:00:04]} Qxf6 {[%emt 0:00:01]} 13. Qd5 {[%emt 0:00:20]} Bb7 {[%emt 0:00:34]} 14. Qh5 {[%emt 0:00:25]} O-O-O {[%emt 0:00:06]} 15. Bxf7 {[%emt 0:00:06]} Rdf8 {[%emt 0:00:06]} 16. Bd5 {[%emt 0:00:03]} Kb8 {[%emt 0:00:01]} 17. Qxh4 {[%emt 0:00:03]} Qg7 {[%emt 0:00:02]} 18. Nbd2 {[%emt 0:00:04]} Ne5 {[%emt 0:00:06]} 19. Nxe5 {[%emt 0:00:05]} Bxd5 {[%emt 0:00:10]} 20. exd5 {[%emt 0:00:00]} Qxe5 {[%emt 0:00:01]} 21. Qe4 {[%emt 0:00:40]} Qg7 {[%emt 0:00:01]} 22. Rad1 {[%emt 0:00:06]} h5 {[%emt 0:00:01]} 23. Nf3 {[%emt 0:00:08]} h4 {[%emt 0:00:05]} 24. Nxh4 {[%emt 0:00:01]} Qh6 {[%emt 0:00:02]} 25. g3 {[%emt 0:00:01]} Rfg8 {[%emt 0:00:01]} 26. Kh1 {[%emt 0:00:05]} Re8 {[%emt 0:00:01]} 27. Qg6 {[%emt 0:00:06]} Qf8 {[%emt 0:00:04]} 28. Qc2 {[%emt 0:00:12]} Rxh4 {[%emt 0:00:03]} 29. f4 {[%emt 0:00:03]} Rh5 {[%emt 0:00:05]} 30. Rd2 {[%emt 0:00:04]} Qg8 {[%emt 0:00:03]} 31. Qd1 {[%emt 0:00:10]} Rh7 {[%emt 0:00:03]} 32. Qf3 {[%emt 0:00:05]} Re3 {[%emt 0:00:03]} 33. Qg2 {[%emt 0:00:02]} Rxg3 {[%emt 0:00:03] AgentsofShield resigns (Lag: Av=0.68s, max=1.2s)} 0-1

[Event "448. Wednesday (05.08.2020)"]
[Site "Official B"]
[Date "2020.08.05"]
[Round "6"]
[White "Cucufato"]
[Black "Hühnersuppe"]
[Result "0-1"]
[WhiteElo "1873"]
[BlackElo "1761"]
[Annotator "NA"]
[PlyCount "126"]
[EventDate "2020.08.05"]
[EventType "swiss (blitz)"]

1. Nf3 {[%emt 0:00:01]} d5 {[%emt 0:00:06]} 2. d4 {[%emt 0:00:02]} Nf6 {[%emt 0:00:03]} 3. c4 {[%emt 0:00:01]} e6 {[%emt 0:00:02]} 4. g3 {[%emt 0:00:02]} c6 {[%emt 0:00:03]} 5. Qc2 {[%emt 0:00:01]} Nbd7 {[%emt 0:00:04]} 6. Nbd2 {[%emt 0:00:01]} Bd6 {[%emt 0:00:02]} 7. Bg2 {[%emt 0:00:01]} O-O {[%emt 0:00:02]} 8. O-O {[%emt 0:00:00]} Qe7 {[%emt 0:00:02]} 9. b3 {[%emt 0:00:03]} e5 {[%emt 0:00:02]} 10. cxd5 {[%emt 0:00:04]} cxd5 {[%emt 0:00:02]} 11. dxe5 {[%emt 0:00:02]} Nxe5 {[%emt 0:00:02]} 12. Bb2 {[%emt 0:00:10]} Bg4 {[%emt 0:00:07]} 13. Nd4 {[%emt 0:00:31]} Rac8 {[%emt 0:00:09]} 14. Qd1 {[%emt 0:00:01]} Ba3 {[%emt 0:00:11]} 15. Qb1 {[%emt 0:00:24]} Bxb2 {[%emt 0:00:05]} 16. Qxb2 {[%emt 0:00:00]} Nc6 {[%emt 0:00:08]} 17. N4f3 {[%emt 0:00:28]} Qxe2 {[%emt 0:00:09]} 18. Rfe1 {[%emt 0:00:04]} Qb5 {[%emt 0:00:13]} 19. Ne5 {[%emt 0:00:14]} Nxe5 {[%emt 0:00:04]} 20. Rxe5 {[%emt 0:00:04]} Rfe8 {[%emt 0:00:05]} 21. Rae1 {[%emt 0:00:06]} Rxe5 {[%emt 0:00:02]} 22. Rxe5 {[%emt 0:00:01]} Qd3 {[%emt 0:00:11]} 23. Nf1 {[%emt 0:00:33]} Rc2 {[%emt 0:00:09]} 24. Qa3 {[%emt 0:00:30]} a6 {[%emt 0:00:17]} 25. Qe7 {[%emt 0:00:18]} h6 {[%emt 0:00:04]} 26. h3 {[%emt 0:00:33]} Qd4 {[%emt 0:00:06]} 27. Ne3 {[%emt 0:00:08]} Rc1+ {[%emt 0:00:13]} 28. Kh2 {[%emt 0:00:01]} Be6 {[%emt 0:00:06]} 29. Rxe6 {[%emt 0:00:11]} fxe6 {[%emt 0:00:02]} 30. Qxe6+ {[%emt 0:00:00]} Kh7 {[%emt 0:00:02]} 31. Qf5+ {[%emt 0:00:02]} Kg8 {[%emt 0:00:08]} 32. Qe6+ {[%emt 0:00:01]} Kf8 {[%emt 0:00:08]} 33. Nf5 {[%emt 0:00:03]} Qc5 {[%emt 0:00:26]} 34. Nxh6 {[%emt 0:00:02]} gxh6 {[%emt 0:00:05]} 35. Qxf6+ {[%emt 0:00:01]} Ke8 {[%emt 0:00:02]} 36. Qxh6 {[%emt 0:00:02]} Re1 {[%emt 0:00:15]} 37. Qh8+ {[%emt 0:00:02]} Kd7 {[%emt 0:00:02]} 38. Qg7+ {[%emt 0:00:01]} Qe7 {[%emt 0:00:04]} 39. Qg4+ {[%emt 0:00:01]} Kc7 {[%emt 0:00:02]} 40. h4 {[%emt 0:00:01]} Qe2 {[%emt 0:00:07]} 41. Qf4+ {[%emt 0:00:02]} Kb6 {[%emt 0:00:02]} 42. Bh3 {[%emt 0:00:01]} Qe4 {[%emt 0:00:09]} 43. Qf6+ {[%emt 0:00:01]} Ka5 {[%emt 0:00:03]} 44. Bg2 {[%emt 0:00:01]} Qe6 {[%emt 0:00:04]} 45. Qc3+ {[%emt 0:00:01]} Kb6 {[%emt 0:00:02]} 46. a4 {[%emt 0:00:00]} Ka7 {[%emt 0:00:02]} 47. Qb4 {[%emt 0:00:00]} Re2 {[%emt 0:00:04]} 48. a5 {[%emt 0:00:00]} Rxf2 {[%emt 0:00:02]} 49. Qd4+ {[%emt 0:00:00]} Kb8 {[%emt 0:00:05]} 50. Qxf2 {[%emt 0:00:00]} Kc7 {[%emt 0:00:02]} 51. Qf8 {[%emt 0:00:00] .} d4 {[%emt 0:00:03]} 52. Qf2 {[%emt 0:00:00]} b6 {[%emt 0:00:01]} 53. Qf4+ {[%emt 0:00:00]} Qd6 {[%emt 0:00:03]} 54. Qf1 {[%emt 0:00:00]} Kd7 {[%emt 0:00:01]} 55. Qd1 {[%emt 0:00:00]} bxa5 {[%emt 0:00:02]} 56. Bf3 {[%emt 0:00:00]} d3 {[%emt 0:00:01]} 57. Kg2 {[%emt 0:00:00]} d2 {[%emt 0:00:01]} 58. Kh2 {[%emt 0:00:00]} Qb4 {[%emt 0:00:01]} 59. Kg2 {[%emt 0:00:00]} a4 {[%emt 0:00:00]} 60. Kh2 {[%emt 0:00:00]} axb3 {[%emt 0:00:01]} 61. Kg2 {[%emt 0:00:00]} b2 {[%emt 0:00:00]} 62. Kh2 {[%emt 0:00:00]} b1=Q {[%emt 0:00:01]} 63. Qxd2+ {[%emt 0:00:00]} Qxd2+ {[%emt 0:00:01] ' Tiempo (Lag: Av=1.24s, max=1.9s)} 0-1

[Event "448. Wednesday (05.08.2020)"]
[Site "Official B"]
[Date "2020.08.05"]
[Round "6"]
[White "Legenda56"]
[Black "Oliverfab"]
[Result "1/2-1/2"]
[WhiteElo "1832"]
[BlackElo "1881"]
[Annotator "NA"]
[PlyCount "149"]
[EventDate "2020.08.05"]
[EventType "swiss (blitz)"]
[BlackTeam "SV Laatzen"]

{- Fábregas, Oliver (1915)} 1. d4 {[%emt 0:00:03]} Nf6 {[%emt 0:00:01]} 2. c4 {[%emt 0:00:01]} e6 {[%emt 0:00:01]} 3. Nf3 {[%emt 0:00:01]} Bb4+ {[%emt 0:00:01]} 4. Nbd2 {[%emt 0:00:02]} b6 {[%emt 0:00:01]} 5. a3 {[%emt 0:00:01]} Be7 {[%emt 0:00:02]} 6. e4 {[%emt 0:00:02]} d6 {[%emt 0:00:01]} 7. Bd3 {[%emt 0:00:01]} Nbd7 {[%emt 0:00:01]} 8. O-O {[%emt 0:00:03]} e5 {[%emt 0:00:01]} 9. d5 {[%emt 0:00:01]} O-O {[%emt 0:00:02]} 10. b4 {[%emt 0:00:02]} a5 {[%emt 0:00:01]} 11. Bb2 {[%emt 0:00:01]} Re8 {[%emt 0:00:02]} 12. h3 {[%emt 0:00:03]} Nf8 {[%emt 0:00:01]} 13. Kh2 {[%emt 0:00:29]} Nh5 {[%emt 0:00:08]} 14. Nxe5 {[%emt 0:00:12]} Nf4 {[%emt 0:00:05]} 15. Qf3 {[%emt 0:00:04]} dxe5 {[%emt 0:00:02]} 16. Bxe5 {[%emt 0:00:17]} N4g6 {[%emt 0:00:03]} 17. Bg3 {[%emt 0:00:03]} Bd6 {[%emt 0:00:04]} 18. Bxd6 {[%emt 0:00:11]} Qxd6+ {[%emt 0:00:02]} 19. g3 {[%emt 0:00:03]} Ne5 {[%emt 0:00:03]} 20. Qe2 {[%emt 0:00:03]} Qh6 {[%emt 0:00:13]} 21. h4 {[%emt 0:00:15]} Qxd2 {[%emt 0:00:14]} 22. Qxd2 {[%emt 0:00:04]} Nf3+ {[%emt 0:00:01]} 23. Kg2 {[%emt 0:00:04]} Nxd2 {[%emt 0:00:01]} 24. Rfd1 {[%emt 0:00:02]} Nb3 {[%emt 0:00:02]} 25. Rab1 {[%emt 0:00:01]} a4 {[%emt 0:00:03]} 26. f4 {[%emt 0:00:05]} f6 {[%emt 0:00:02]} 27. Re1 {[%emt 0:00:03]} Bd7 {[%emt 0:00:04]} 28. e5 {[%emt 0:00:03]} fxe5 {[%emt 0:00:02]} 29. fxe5 {[%emt 0:00:01]} Re7 {[%emt 0:00:07]} 30. e6 {[%emt 0:00:01]} Be8 {[%emt 0:00:01]} 31. Bc2 {[%emt 0:00:15]} Nd4 {[%emt 0:00:08]} 32. Be4 {[%emt 0:00:05]} Rd8 {[%emt 0:00:09]} 33. Rbd1 {[%emt 0:00:08]} Nb3 {[%emt 0:00:02]} 34. Bc2 {[%emt 0:00:05]} Bg6 {[%emt 0:00:34]} 35. Bxg6 {[%emt 0:00:02]} Nxg6 {[%emt 0:00:02]} 36. h5 {[%emt 0:00:06]} Nf8 {[%emt 0:00:03]} 37. Kf3 {[%emt 0:00:08]} Nxe6 {[%emt 0:00:20]} 38. dxe6 {[%emt 0:00:02]} Rxd1 {[%emt 0:00:06]} 39. Rxd1 {[%emt 0:00:01]} Rxe6 {[%emt 0:00:01]} 40. Rd8+ {[%emt 0:00:02]} Kf7 {[%emt 0:00:01]} 41. Ra8 {[%emt 0:00:02]} c5 {[%emt 0:00:06]} 42. Rxa4 {[%emt 0:00:04]} cxb4 {[%emt 0:00:02]} 43. axb4 {[%emt 0:00:02]} Nd4+ {[%emt 0:00:02]} 44. Kg4 {[%emt 0:00:04]} Re4+ {[%emt 0:00:04]} 45. Kh3 {[%emt 0:00:04]} Ne2 {[%emt 0:00:05]} 46. Ra7+ {[%emt 0:00:04]} Kf6 {[%emt 0:00:01]} 47. Rb7 {[%emt 0:00:01]} Rxc4 {[%emt 0:00:02]} 48. Rxb6+ {[%emt 0:00:01]} Kg5 {[%emt 0:00:05]} 49. Rb5+ {[%emt 0:00:04]} Kf6 {[%emt 0:00:01]} 50. Rb6+ {[%emt 0:00:01]} Kf7 {[%emt 0:00:01]} 51. Rb7+ {[%emt 0:00:02]} Kf8 {[%emt 0:00:02]} 52. b5 {[%emt 0:00:01]} Rb4 {[%emt 0:00:03]} 53. b6 {[%emt 0:00:01]} Nd4 {[%emt 0:00:03]} 54. Rb8+ {[%emt 0:00:03]} Ke7 {[%emt 0:00:03]} 55. b7 {[%emt 0:00:01]} Nc6 {[%emt 0:00:04]} 56. Rg8 {[%emt 0:00:04]} Kf7 {[%emt 0:00:03]} 57. Rc8 {[%emt 0:00:05]} Rxb7 {[%emt 0:00:03]} 58. Rxc6 {[%emt 0:00:01]} Re7 {[%emt 0:00:01]} 59. Kh4 {[%emt 0:00:02]} g6 {[%emt 0:00:02]} 60. g4 {[%emt 0:00:02]} gxh5 {[%emt 0:00:01]} 61. Kxh5 {[%emt 0:00:01]} Re5+ {[%emt 0:00:03]} 62. g5 {[%emt 0:00:01]} Re6 {[%emt 0:00:02]} 63. Rc7+ {[%emt 0:00:04]} Kg8 {[%emt 0:00:02]} 64. Rd7 {[%emt 0:00:03]} Rg6 {[%emt 0:00:02]} 65. Re7 {[%emt 0:00:05]} Rg7 {[%emt 0:00:01]} 66. Re6 {[%emt 0:00:04]} Rf7 {[%emt 0:00:03]} 67. Kh6 {[%emt 0:00:02]} Rd7 {[%emt 0:00:02]} 68. Re8+ {[%emt 0:00:02]} Kf7 {[%emt 0:00:03]} 69. Rh8 {[%emt 0:00:00]} Rd6+ {[%emt 0:00:03]} 70. Kh5 {[%emt 0:00:01]} Kg7 {[%emt 0:00:01]} 71. Re8 {[%emt 0:00:01]} Rd1 {[%emt 0:00:03]} 72. Re7+ {[%emt 0:00:02]} Kg8 {[%emt 0:00:01]} 73. Re8+ {[%emt 0:00:01]} Kg7 {[%emt 0:00:01]} 74. Re7+ {[%emt 0:00:02]} Kg8 {[%emt 0:00:01] Legenda56 bietet Remis} 75. Re8+ {[%emt 0:00:02] (Lag: Av=0.40s, max=0.9s)} 1/2-1/2

[Event "448. Wednesday (05.08.2020)"]
[Site "Official B"]
[Date "2020.08.05"]
[Round "6"]
[White "Sonek"]
[Black "Chessalex"]
[Result "1/2-1/2"]
[WhiteElo "1816"]
[BlackElo "1694"]
[Annotator "NA"]
[PlyCount "69"]
[EventDate "2020.08.05"]
[EventType "swiss (blitz)"]

1. d4 {[%emt 0:00:03]} d5 {[%emt 0:00:02]} 2. c4 {[%emt 0:00:01]} e6 {[%emt 0:00:02]} 3. Nc3 {[%emt 0:00:01]} Nf6 {[%emt 0:00:01]} 4. Bf4 {[%emt 0:00:02]} Bd6 {[%emt 0:00:01]} 5. Bg3 {[%emt 0:00:03]} O-O {[%emt 0:00:02]} 6. e3 {[%emt 0:00:07]} a6 {[%emt 0:00:01]} 7. Nf3 {[%emt 0:00:02]} b6 {[%emt 0:00:01]} 8. cxd5 {[%emt 0:00:02]} exd5 {[%emt 0:00:02]} 9. Bd3 {[%emt 0:00:03]} Bb7 {[%emt 0:00:01]} 10. Rc1 {[%emt 0:00:04]} Nbd7 {[%emt 0:00:02]} 11. Bxd6 {[%emt 0:00:07]} cxd6 {[%emt 0:00:02]} 12. O-O {[%emt 0:00:03]} Rc8 {[%emt 0:00:03]} 13. Qe2 {[%emt 0:00:10]} Ne4 {[%emt 0:00:01]} 14. a3 {[%emt 0:00:20]} b5 {[%emt 0:00:02]} 15. Nd2 {[%emt 0:00:08]} f5 {[%emt 0:00:02]} 16. Bb1 {[%emt 0:00:25]} Nb6 {[%emt 0:00:08]} 17. f3 {[%emt 0:00:25]} Nxd2 {[%emt 0:00:04]} 18. Qxd2 {[%emt 0:00:03]} Nc4 {[%emt 0:00:01]} 19. Qf2 {[%emt 0:00:13]} Qe7 {[%emt 0:00:02]} 20. Rfe1 {[%emt 0:00:02]} Rce8 {[%emt 0:00:05]} 21. Nd1 {[%emt 0:00:19]} Rc8 {[%emt 0:00:09]} 22. a4 {[%emt 0:00:09]} Qg5 {[%emt 0:00:05]} 23. b3 {[%emt 0:00:11]} Na3 {[%emt 0:00:04]} 24. Rxc8 {[%emt 0:00:08]} Rxc8 {[%emt 0:00:02]} 25. Qb2 {[%emt 0:00:02]} Nxb1 {[%emt 0:00:02]} 26. Qxb1 {[%emt 0:00:02]} b4 {[%emt 0:00:02]} 27. Nf2 {[%emt 0:00:08]} Rc3 {[%emt 0:00:05]} 28. Nd3 {[%emt 0:00:08]} a5 {[%emt 0:00:11]} 29. Nf4 {[%emt 0:00:06]} Ba6 {[%emt 0:00:06]} 30. Nxd5 {[%emt 0:00:07]} Rd3 {[%emt 0:00:14]} 31. Nf4 {[%emt 0:00:09]} Rc3 {[%emt 0:00:06]} 32. Nd5 {[%emt 0:00:16]} Rd3 {[%emt 0:00:03]} 33. Qc1 {[%emt 0:00:16]} h6 {[%emt 0:00:02]} 34. Qc6 {[%emt 0:00:04] Sonek bietet Remis} Qh4 {[%emt 0:00:26]} 35. Qxa6 {[%emt 0:00:02] (Lag: Av=0.74s, max=1.2s)} 1/2-1/2